Animaux lourds d'Europe - Statistiques

Statistiques générales
  • Ce quiz a été pris 74 fois
  • Le résultat moyen est 14 sur 16
Statistiques - réponses
Par images Réponse % Correct
Sanglier
100%
Cheval domestique (Albanais)
99%
Bison d'Europe
97%
Cerf
97%
Cochon domestique
97%
Loup gris
97%
Âne domestique
96%
Ours brun
96%
Vache (limousine)
96%
Chèvre domestique
91%
Mouton
86%
Renne
78%
Bouquetin
67%
Chevreuil d'Europe
62%
Chamois
57%
Mouflon
38%
Aucun quiz correspondant
Distribution des résultats
% des personnes avec chaque résultat
Percentile par nombre de réponses
Votre historique - résultats
Vous n’avez pas pris ce quiz